| 000 | 00970nac a22002651u 4500 | ||
|---|---|---|---|
| 010 | _a 86011115 | ||
| 020 | _a0471802379 : | ||
| 082 | 0 | 0 |
_a621.8 _bMAB |
| 090 |
_c6540 _d6540 |
||
| 100 | _aMabie, Hamilton H. | ||
| 245 | 1 | 0 |
_aMechanisms and dynamics of machinery / _cHamilton H. Mabie and Charles F. Reinholtz. |
| 250 | _a4th ed. | ||
| 260 |
_aNew York : _bWiley,1987 _c1987. |
||
| 300 |
_axii, 644 p. : _bill. ; _c25 cm. |
||
| 500 | _adistributer: Al-Ahram | ||
| 504 | _aIncludes bibliographical references and index. | ||
| 511 | _acatalogued by: wessam | ||
| 650 | 0 | _aMechanical movements. | |
| 650 | 0 | _aMachinery, Kinematics of. | |
| 650 | 0 | _aMachinery, Dynamics of. | |
| 700 | 1 | _aReinholtz, Charles F. | |
| 856 | 4 | 2 |
_3Publisher description _uhttp://www.loc.gov/catdir/description/wiley033/86011115.html |
| 856 | 4 | 2 |
_3Table of Contents _uhttp://www.loc.gov/catdir/toc/onix03/86011115.html |
| 942 |
_cNB _k621.8MAB |
||
| 999 |
_c6540 _d6540 |
||